| 000 | 00385nam a2200157Ia 4500 | ||
|---|---|---|---|
| 008 | 151213s9999 xx 000 0 und d | ||
| 100 | _aBappy Asraf…. | ||
| 245 |
_aAdobe Photo shop _cBappy Asraf…. |
||
| 250 | _a5th | ||
| 260 |
_aDhaka _bGayrokoph Prokashons _c2006 |
||
| 300 | _a3522 p. | ||
| 650 | _aComputer | ||
| 650 | _aComputer | ||
| 700 | _aBappy Asraf…. | ||
| 999 |
_c2329 _d2329 |
||